000 01201cam a2200325 a 4500
999 _c126392
_d126392
001 12300814
003 ARRUPE
005 20170413122100.0
008 001128m20009999sx f000 0 eng
010 _a 00378888
020 _a9991631739
035 _a(DLC) 00378888
040 _aDLC
_cDLC
_dDLC
042 _alcode
043 _af-sx---
050 0 0 _aPR9408.N362
_bN48 2000
082 0 0 _a822/.9208096881
_221
245 0 0 _aNew Namibian plays /
_c[edited by Terence Zeeman].
260 _a[Windhoek] :
_bNational Theatre of Namibia :
_bNew Namibia Books :
_bEmbassy of Finland,
_c2000-<2002 >
300 _ax, 293p. ;
_c25 cm.
500 _a"Including the winners of the first Golden Pen Awards"--Cover.
650 0 _aDrama.
_zNamibia
_929779
700 1 _aZeeman, Terence.
_929780
_eed.
710 2 _aNational Theatre of Namibia.
_929781
710 1 _aFinland.
_bEmbassy (Namibia)
_929782
906 _a7
_bcbc
_corigode
_d2
_encip
_f20
_gy-gencatlg
942 _2lcc
_cMONOGRAPH